1177 1551 1868 1078 1066 1432 1033 1948 1705 1761 1333 1959 1505 1799 1449 1012 1795 1587 1924 1180 1876 1184 1863 1443 1427 1873 1571 1419 1567 1997 1619 1642 1573 1075 1894 1486 1868 1678 1803 1297 1325 1990 1001 1972 1626 1583 1977 1657 1453 1045 1989 1116 1203 1587 1915 1235 1054 1134 1633 1624 1073 1503 1432 1599 1893 1232 1177 1738 1141 1386 1209 1295 1846 1320 1535 1737 1151 1658 1399 1469 1902 1173 1049 1459 1236 1247 1465 1709 1971 1790 1973 1113 1766 1708 1027 1456 1879 1007 1542 BCNSPRNW ULIB Ver.6.0+V

เปลี่ยนเป็นภาษาไทย

Change to English
 แสดงรายละเอียดบรรณานุกรม
  กลับหน้าหลัก

Brief Record : Get Marc (ISO 2709) : E-mail record : QR code < ปิดหน้าต่าง
LEADER : 00000nam 2200000uu 4500
001    13399122908
003     ULIB
008    131029s2010||||th 000 0 eng d
020    ^a9781405184298
060 10 ^aWY158^bS535o
100 1  ^aShaw, Mary E.
245 10 ^aOphthalmic nursing /^cMary E. Shaw, Agnes Lee ; founding editor: Rosalind Stollery.
250    ^a4th ed.
260    ^aChichester :^bWiley-Blackwell,^c2010.
300    ^axiv, 322 p. :^bill. ;^c25 cm.
650  0 ^aOphthalmic nursing.
650  2 ^aEye Diseases^xnursing
700 1  ^aLee, Agnes.
945    ^p61^l0^i034126
999    ^aเกษร โพธิ์สุวรรณ
รายการนี้ยังไม่มีแท็ก
คุณยังไม่ได้ล็อกอิน คุณสามารถมีกิจกรรมร่วมกับเว็บไซต์ได้ แต่ต้องล็อกอินก่อน ::
  ล็อกอิน

รายการสื่อสารสนเทศ

ลำดับที่ ประเภท เลขเรียก/บาร์โค้ด สถานที่ สถานะ
1. Book การพยาบาล
Book การพยาบาล
WY158 S535o  
  Barcode: 034126
ห้องสมุดวิทยาเขตสวรรค์ประชารักษ์
►หนังสือทั่วไป
บนชั้น

รายการใกล้เคียง
    ผู้แต่ง [Shaw, Mary E.]

    หัวเรื่อง [Ophthalmic nursing.]

BibComment


ยังไม่เคยถูกคอมเมนท์

คอมเมนท์ทรัพยากรรายการนี้
  คอมเมนท์: Ophthalmic nursi..


 Copyright 2026. Bcnsprnw @Library